| 000 | 00399nam a22001577a 4500 | ||
|---|---|---|---|
| 003 | OSt | ||
| 008 | 201231b ||||| |||| 00| 0 eng d | ||
| 082 | _a547 BAT | ||
| 100 | _aBahl, Arun & Bahl B.S. | ||
| 245 | _aTextbook of Organic Chemistry | ||
| 250 | _aReprint 2019 | ||
| 260 |
_aNew Delhi _bS. Chand & Company |
||
| 300 | _a1108 | ||
| 650 | _aPharmaceutical Organic Chemisty | ||
| 942 |
_cBK _2ddc |
||
| 999 |
_c8522 _d8522 |
||